| 000 | 01089nam a2200241Ia 4500 | ||
|---|---|---|---|
| 003 | Ost | ||
| 005 | 20260507075609.0 | ||
| 008 | 260507s9999||||xx |||||||||||||| ||und|| | ||
| 020 | _a9789961012803 | ||
| 040 | _cfsecg | ||
| 041 | _aara | ||
| 082 | _a338.88 | ||
| 100 |
_aمعراف، إسماعيل _eمؤلف |
||
| 245 | 0 |
_aالتكتلات الإقتصادية الإقليمية / _c إسماعيل معراف |
|
| 250 | _aطبعة 2 | ||
| 260 |
_aالجزائر: _bديوان المطبوعات الجامعية, _c2014 |
||
| 300 |
_a222 صفحة؛ _bإيضاحات ؛ _c30 سم |
||
| 504 | _aالمراجع ص.207 | ||
| 520 | _aتناولت هذه الدراسة التكتلات الإقتصادية الدولية والتجمعات الجهوية العربية في ظل التحولات الجديدة وتحديات النظام العربي في ضل تطور الإقليمية الجديدة | ||
| 653 | _aالتكتلات الإقتصادية - الدول العربية | ||
| 653 | _aالتكتلات الإقتصادية - الدولية | ||
| 942 | _cكتاب | ||
| 999 |
_c45062 _d45062 |
||